书目信息 |
| 题名: |
家畜解剖学
|
|
| 作者: | ;内蒙古农牧学院 , 安徽农学院 主编 | |
| 分册: | ||
| 出版信息: | 上海 上海科学技术出版社 1978 |
|
| 页数: | 246页 | |
| 开本: | 26cm | |
| 丛书名: | ||
| 单 册: | ||
| 中图分类: | S852.1 , S82 | |
| 科图分类: | ||
| 主题词: | 家畜-动物解剖学--高等学校--教材 , 动物解剖学-家畜--高等学校--教材 , 家畜 | |
| 电子资源: | ||
| ISBN: | ||
| 000 | 00820nam0 2200277 450 | |
| 001 | 1550302908 | |
| 005 | 20150131135845.32 | |
| 010 | @dCNY1.35 | |
| 091 | @a16119.613 | |
| 100 | @a19950801d1978 em y0chiy0110 ea | |
| 101 | 0 | @achi |
| 102 | @aCN@b310000 | |
| 105 | @ay z 000yy | |
| 200 | 1 | @a家畜解剖学@9jia chu jie pou xue@f内蒙古农牧学院,安徽农学院主编 |
| 210 | @a上海@c上海科学技术出版社@d1978 | |
| 215 | @a246页@d26cm | |
| 300 | @a全国高等农林院校试用教材 兽医专业用 | |
| 606 | 0 | @a家畜-动物解剖学@x高等学校@x教材 |
| 606 | 0 | @a动物解剖学-家畜@x高等学校@x教材 |
| 606 | 0 | @a家畜 |
| 690 | @aS852.1@v5 | |
| 690 | @aS82@v4 | |
| 711 | 02 | @a内蒙古农牧学院@9nei meng gu nong mu xue yuan@4主编 |
| 711 | 02 | @a安徽农学院@9an hui nong xue yuan@4主编 |
| 801 | 0 | @aCN@bTSSF@c20150131 |
| 905 | @aZUCC@dS82@eJY23 | |
| 家畜解剖学/内蒙古农牧学院,安徽农学院主编.-上海:上海科学技术出版社,1978 |
| 246页;26cm |
| 全国高等农林院校试用教材 兽医专业用 |
| ISBN :CNY1.35 |
| ● |
| 相关链接 |
|
|
|
|
正题名:家畜解剖学
索取号:S82/JY23
 
预约/预借
| 序号 | 登录号 | 条形码 | 馆藏地/架位号 | 状态 | 备注 |
| 1 | 7861957 | 278619577 | 学院路分馆/ [索取号:S82/JY23] | 在馆 |